00727nam a2200217 a 450000100100000000500170001000800410002702000150006804000250008308200210010810000200012924500940014925000110024326000350025430000410028949000300033050400380036050000420039870000390044083000300047900002497120200930023500.0110208s1976 sp ac r 000 0 spa d a8423953173 aDO-SdBNPbspacBNPHU aNNNbB292P, 19761 aMari, Pierrette10aBartók /cPierrette Mari ; traducción del francés por Felipe Ximénez de Sandoval. a2a ed. aMadrid :bEspasa-Calpe,c1976. a127, [1] p. :bil., retrs. ;c18 cm.1 aClásicos de la música aIncluye bibliografía (p. [128]) aIncluye notas al pie de las páginas1 aXiménez de Sandoval, Felipeetr. 0aClásicos de la música